000 00331nam a2200145Ia 4500
003 OSt
005 20240329143103.0
008 170524s9999 xx 000 0 und d
020 _a978-0132126953
040 _cIIMT UNIVERSITY
100 _aTENENBAUM
245 0 _aCOMPUTER NETWORK
260 _aPearson education
942 _2ddc
_c02
999 _c2253
_d2253